Rosco de Pasapalabra #40 - Estadísticas

Estadísticas generales
  • Esta prueba ha sido intentada 394 veces
  • La puntuación promedio es 12 de 25
Estadísticas de respuestas
Inicial Definición Respuesta % Correcto
N Órgano del rostro humano, entre la frente y la boca, con dos orificios, parte del aparato respiratorio Nariz
93%
Contiene la Ñ Hacer creer a alguien que algo falso es verdadero Engañar
92%
G Anteojos que se sujetan a las orejas o de alguna manera por detrás de la cabeza Gafa
91%
A Reunión de los miembros de una colectividad para discutir determinadas cuestiones de interés común Asamblea
86%
D Expulsar a alguien de un país o territorio por mandato gubernamental o decisión judicial Desterrar
84%
I Irritable, propenso a la ira Irascible
72%
L Enumeración, generalmente en forma de columna, de personas, cosas o cantidades Lista
72%
B Fruto de la encina y del roble Bellota
71%
C Bebida compuesta de una mezcla de licores a la que se añaden por lo común otros ingredientes Cóctel
66%
H Planta trepadora que se agarra a muros o a los troncos de los árboles con unas raíces que brotan de sus tallos Hiedra
63%
E Conjunto de los dientes de una pieza de máquina Engranaje
59%
Contiene la Y En golf, cada uno de los agujeros del campo en que hay que meter la bola Hoyo
57%
R Procedimiento para someter al voto popular leyes o decisiones políticas con carácter decisorio o consultivo Referéndum
55%
O Cueva o guarida del oso Osera
54%
T Recipiente de paredes aislantes y cierre hermético, que conserva la temperatura de las sustancias dentro de él Termo
49%
S Perteneciente o relativo al norte Septentrional
43%
Contiene la X Palabra de una lengua que se introduce en otra Extranjerismo
37%
M Trozo de pan duro Mendrugo
34%
Contiene la Q Disponer el texto, las ilustraciones y los márgenes de un libro, de acuerdo con el diseño establecido Maquetar
32%
Z Se dice del ganado vacuno de color negro y sin ningún pelo blanco Zaino
13%
U Discurso puesto en un libro después de terminada la obra Ultílogo
4%
P Nombre de la villa del siglo 18 en la localidad italiana de Bagheira, con más de 60 estatuas de montruos Palagonia
2%
F Apellido del pintor autor de la obra 'Vista de la Muralla de Barcelona', de 1851 Ferau
1%
J Ranura en que se encajan las tablas de las tapas de los toneles Jable
1%
V Abogado en ejercicio Vocero
1%
No se encontraron pruebas coincidentes
Distribución de puntuación
Porcentaje de gente con cada puntuación
Porcentaje por número respondido
Historial de tus puntuaciones
No has intentado esta prueba.